Gravity Falls Episode Names - Statistics

General Stats
  • This quiz has been taken 183 times
  • The average score is 25 of 40
Answer Stats
Hint Episode % Correct
Halloween, but not Summerween
88%
First episode Tourist Trapped
83%
Spend time telling stories in this Bottomless Pit!
80%
Clones Double Dipper
74%
McGucket and robots Legend of the Gobblewonker
72%
Ford introduced A Tale of Two Stans
71%
Manotaurs Dipper vs. Manliness
71%
Cupid The Love God
71%
Stan loses a bet Boss Mabel
69%
Bill Cipher escapes Weirdmageddon
69%
Probabilitor! Dungeons, Dungeons, and More Dungeons
68%
Shapeshifter introduced Into the Bunker
67%
Crystals that change size Little Dipper
67%
Memory erasing machine Society of the Blind Eye
67%
Body-Switching carpet Carpet Diem
66%
Final Conflict Weirdmageddon 3: Take Back the Falls
66%
Stan is arrested Not What he Seems
65%
Convenience Store The Inconveniencing
65%
Waddles The Time Traveler's Pig
65%
GIFfany Soos and the Real Girl
64%
Rumble McSkirmish comes to life Fight Fighters
63%
Zombie apocalypse Scary-Oke
63%
Dipper is possessed Sock Opera
63%
Gideon's first appearence The Hand that Rocks the Mabel
59%
Gideon destroys the Mystery Shack Gideon Rises
58%
Mabel escapes from her "prison" Weirdmageddon 2: Escape from Reality
58%
Wax statues Headhunters
57%
Category 11 ghost Northwest Mansion Mystery
56%
Unicorns The Last Mabelcorn
56%
Mabel's favorite boy band Boyz Crazy
55%
Lilliputtians Golf War
53%
Waddles is kidnapped by a dinosaur Land Before Swine
53%
Mabel plans for their 13th birthday Dipper and Mabel vs. the Future
52%
Mermando The Deep End
52%
Blendin returns Blendin's Game
51%
Featuring the 8 1/2th president of the USA Irrational Treasure
50%
Stan tries to be mayor The Stanchurian Candidate
50%
Road trip Roadside Attraction
48%
Inside Stan's mind Dreamscaperers
47%
Waddles talks Little Gift Shop of Horrors
43%
No matching quizzes found
Score Distribution
Percent of People with Each Score
Percentile by Number Answered
Your Score History
You have not taken this quiz